| 000 | 00902nam a22001937a 4500 | ||
|---|---|---|---|
| 003 | BR-ViAPE | ||
| 005 | 20260515121957.0 | ||
| 008 | 260515s1898 por||||gs||||l000 0 por d | ||
| 040 | _cBR-ViAPE | ||
| 110 |
_aEspírito Santo _bEstado |
||
| 245 | _aLeis do governo municipal do Cachoeiro de Itapemirim estado do Espírito Santo para 1898 | ||
| 260 |
_aCachoeiro de Itapemirim _bTypographia do Cachoeirano _c[189-] |
||
| 300 |
_a8 p. _bDocumento digitalizado (PDF) |
||
| 500 | _aDocumento digitalizado do acervo institucional do Arquivo Público do Estado do Espírito Santo - APEES. | ||
| 650 |
_aLegislação _xLei municipal _zCachoeiro de Itapemirim (ES) |
||
| 651 | _aEspírito Santo (Brasil) | ||
| 856 |
_uhttps://ape.es.gov.br/Media/ape/PDF/Livros/Livros_Historicos/Obras_raras/seculo_XIX/APEES_OR_leis_municip_cach_itape_1898.pdf _yCLIQUE AQUI PARA ACESSAR O DOCUMENTO |
||
| 942 |
_2ddc _cOBRAS_RARA _n1 |
||
| 999 |
_c682 _d682 |
||